| 000 | 00693nas a2200229 454500 | ||
|---|---|---|---|
| 001 | 20862 | ||
| 005 | 20260407193506.0 | ||
| 008 | 260407s1989####ag###########|||spa#d | ||
| 003 | AR-UNSa-BCEJYS | ||
| 040 |
_aAR-UNSa-BCEJYS _bspa _cAR-UNSa-BCEJYS |
||
| 080 |
_a004.6 _xDatos |
||
| 245 | 1 | 0 | _aData communications international |
| 022 | _a0363-6399 | ||
| 264 | 1 |
_aNew York : _bMcGraw-Hill _c1989 |
|
| 310 | _aFrecuencia: Mensual | ||
| 942 | _cSER | ||
| 590 | _aniveau_biblio:s niveau_hierar:1 | ||
| 100 | 1 | _aBraue, Joseph | |
| 650 | _aInformática | ||
| 650 | _aBase de datos | ||
| 856 | 4 | 1 |
_uhttps://biblioeco.unsa.edu.ar/pmb/images/revistas/Data Communications.jpg _yImagen de portada _qimage/jpeg |
| 999 |
_c8548 _d8548 |
||